Tracez les contours de la France sur une carte - Statistiques

Statistiques générales
  • Ce quiz a été pris 16 286 fois
  • Le résultat moyen est 23 sur 44
Réponses sur la Carte
Les réponses sont colorées sur une échelle allant du rouge au vert en fonction du pourcentage des utilisateurs qui les ont devinées à leur premier essai. Vous pouvez retrouver ces pourcentages ci-dessous.
 
Statistiques - réponses
Département % Correct
Pas-de-Calais
99%
Somme
79%
Seine-Maritime
75%
Calvados
71%
Manche
71%
Côtes-d'Armor
69%
Ille-et-Vilaine
68%
Eure
65%
Finistère
57%
Gironde
55%
Loire-Atlantique
55%
Morbihan
55%
Charente-Maritime
54%
Landes
54%
Pyrénées-Atlantiques
54%
Vendée
54%
Hautes-Pyrénées
51%
Côtes-d'Armor
49%
Pyrénées-Orientales
49%
Alpes-Maritimes
48%
Bouches-du-Rhône
48%
Hérault
48%
Ille-et-Vilaine
48%
Var
48%
Haute-Garonne
46%
Savoie
46%
Alpes-de-Haute-Provence
45%
Ariège
45%
Aude
45%
Gard
45%
Haute-Savoie
45%
Hautes-Alpes
44%
Nord
43%
Bas-Rhin
42%
Haut-Rhin
42%
Jura
41%
Ain
40%
Doubs
40%
Moselle
40%
Territoire de Belfort
40%
Ardennes
38%
Meurthe-et-Moselle
38%
Meuse
36%
Aisne
34%
Aucun quiz correspondant
Distribution des résultats
% des personnes avec chaque résultat
Percentile par nombre de réponses
Votre historique - résultats
Vous n’avez pas pris ce quiz